Schaum's outlines of differential equations / (Record no. 189457)
[ view plain ]
| 000 -LEADER | |
|---|---|
| fixed length control field | 01609 a2200289 4500 |
| 003 - CONTROL NUMBER IDENTIFIER | |
| control field | Nust |
| 005 - DATE AND TIME OF LATEST TRANSACTION | |
| control field | 20221121120108.0 |
| 010 ## - LIBRARY OF CONGRESS CONTROL NUMBER | |
| LC control number | 2006284445 |
| 020 ## - INTERNATIONAL STANDARD BOOK NUMBER | |
| International Standard Book Number | 0071456872 (pbk.) |
| 040 ## - CATALOGING SOURCE | |
| Transcribing agency | Nust |
| 082 00 - DEWEY DECIMAL CLASSIFICATION NUMBER | |
| Classification number | 515.35,BRO |
| 100 1# - MAIN ENTRY--PERSONAL NAME | |
| Personal name | Bronson, Richard. |
| 9 (RLIN) | 36440 |
| 245 10 - TITLE STATEMENT | |
| Title | Schaum's outlines of differential equations / |
| Statement of responsibility, etc. | Richard Bronson, Gabriel B. Costa. |
| 246 30 - VARYING FORM OF TITLE | |
| Title proper/short title | Differential equations |
| 250 ## - EDITION STATEMENT | |
| Edition statement | 3rd ed. |
| 260 ## - PUBLICATION, DISTRIBUTION, ETC. | |
| Place of publication, distribution, etc. | New York : |
| Name of publisher, distributor, etc. | McGraw-Hill, |
| Date of publication, distribution, etc. | c2006. |
| 300 ## - PHYSICAL DESCRIPTION | |
| Extent | xiv, 385 p. : |
| Other physical details | ill. ; |
| Dimensions | 28 cm. |
| 490 0# - SERIES STATEMENT | |
| Series statement | Schaum's outline series |
| 505 ## - FORMATTED CONTENTS NOTE | |
| Formatted contents note | Basic Concept, An Introduction to Modeling and Qualitive Methods, Classification of first order Differential Equations, Separable First Order Differential Equations, Separable First Order Differential Equations, Exact First Order Differential Equations, Linear First Order Differential Equations, Applications of first Differential Equations, Linear Differential Equations Theory or solutions, Second Order Linear Differential equations, The Method of Undetermined Coefficients, Variations of Parameters, Second order Boundary Value Problems, Eigen function Expansions, An Introduction to difference Equations. |
| 650 #0 - SUBJECT ADDED ENTRY--TOPICAL TERM | |
| Topical term or geographic name entry element | Differential equations |
| 9 (RLIN) | 688 |
| 650 #0 - SUBJECT ADDED ENTRY--TOPICAL TERM | |
| Topical term or geographic name entry element | Differential equations |
| 9 (RLIN) | 688 |
| 700 1# - ADDED ENTRY--PERSONAL NAME | |
| Personal name | Bronson, Richard. |
| 9 (RLIN) | 36440 |
| 700 1# - ADDED ENTRY--PERSONAL NAME | |
| Personal name | Costa, Gabriel B. |
| 9 (RLIN) | 102214 |
| 856 42 - ELECTRONIC LOCATION AND ACCESS | |
| Materials specified | Contributor biographical information |
| Uniform Resource Identifier | <a href="http://www.loc.gov/catdir/enhancements/fy0703/2006284445-b.html">http://www.loc.gov/catdir/enhancements/fy0703/2006284445-b.html</a> |
| 856 42 - ELECTRONIC LOCATION AND ACCESS | |
| Materials specified | Publisher description |
| Uniform Resource Identifier | <a href="http://www.loc.gov/catdir/enhancements/fy0703/2006284445-d.html">http://www.loc.gov/catdir/enhancements/fy0703/2006284445-d.html</a> |
| 942 ## - ADDED ENTRY ELEMENTS (KOHA) | |
| Source of classification or shelving scheme | |
| Koha item type | Book |
| Call number prefix | 515.35,BRO |
| Withdrawn status | Lost status | Source of classification or shelving scheme | Damaged status | Not for loan | Permanent Location | Current Location | Shelving location | Date acquired | Full call number | Barcode | Date last seen | Price effective from | Koha item type | Public note |
|---|---|---|---|---|---|---|---|---|---|---|---|---|---|---|
| Military College of Signals (MCS) | Military College of Signals (MCS) | General Stacks | 12/12/2016 | 515.35,BRO | MCS35122 | 12/08/2016 | 12/12/2016 | Book | Almirah No.13, Shelf No.4 |
